000 01111nam0a22002531 4500
001 rc\266634
005 20250621001158.0
010 _a5-02-014881-4
_91000
035 _a(NLR Aleph) 005471418
090 _a5050019
_c5050019
100 _a20030307d1994 |||y0rusy50 ca
101 0 _arus
102 _aRU
105 _ay |||||||||
200 1 _aНовгородское землевладение XV века
_fА.Н. Колмогоров
210 _aМ.
_cНаука. Изд. фирма "Физ.-мат. лит."
_d1994
215 _a125, [2] с.
_d20
423 0 _12001#$aКомментарий к писцовым книгам Шелонской пятины$fЛ.А. Бассалыго$g[К сб. в целом]: Предисл. В.Л. Янина
_1700#1$aБассалыго$bЛ.А.
_tКомментарий к писцовым книгам Шелонской пятины
_aБассалыго, Л.А.
700 1 _aКолмогоров
_bА.Н.
_f1903-1987
_gАндрей Николаевич
801 0 _aRU
_bNLR
_gpsbo
801 1 _aRU
_bELAR
_2rusmarc
852 _aNLR
_j94-3/600
942 _cBOOK
980 _aNB